000 00358nam a22001577a 4500
003 MPLRDC
005 20220104123734.0
008 210129b ||||| |||| 00| 0 eng d
082 _a420 CXL
100 _a陈秀玲编著
245 _a生活常识小百科
_c
260 _a
_b真善美出版社
_c
300 _b
650 _a
942 _cBK
_o420 CXL
999 _c13810
_d13800